000 00173 a2200097 4500
020 _a9788424115197
041 _aspa
100 _aHenkes, Kevin
245 _aOwen
942 _cBK
999 _c9476
_d9476